• 首页
  • 本馆介绍
  • 公告通知
  • 最新文献
  • 馆藏检索
  • 电子资源
  • 读者导购
  • 参考咨询
  • 我的图书馆
  • 登录
  • 详细信息显示
  • 放入我的书架
  • 预约/预借图书
  • 作者相关作品
  • 分类相关作品
  • 丛书相关作品
  • 出版社相关作品

书目信息

  • 表格格式
  • 工作单格式
  • 卡片格式
题名:
中国红木家具
    
 
作者: 濮安国 著
分册:  
出版信息: 北京   故宫出版社  2014
页数: 275页
开本: 28cm
丛书名:
单 册:
中图分类: TS666.204.8
科图分类:
主题词: 红木科--木家具--介绍--中国--明清时代
电子资源:
ISBN: 978-7-5134-0349-8
000 00899nam0 2200265 450
001 339249
005 20150608095736.89
010    @a978-7-5134-0349-8@dCNY126.00
100    @a20130327d2012 em y0chiy50 ea
101 0  @achi
102    @aCN@b110000
105    @aa z 001yy
106    @ar
200 1  @a中国红木家具@Azhong guo hong mu jia ju@f濮安国著
210    @a北京@c故宫出版社@d2014
215    @a275页@c图@d28cm
300    @a明清家具研究选集 贰
312    @a封面英文题名:Mahogany furniture of China
330    @a本书精选了我国传统红木家具产生、形成、发展时期的主要产品, 计27类共300多种, 集中地反映了明清历史时期不同地区红木家具的品质和水平。
510 1  @aMahogany furniture of China@zeng
606 0  @a红木科@x木家具@x介绍@y中国@z明清时代
690    @aTS666.204.8@v5
701  0 @a濮安国@Apu an guo@f(1942)@4著
801  0 @aCN@b卓展宏图@c20150525
905    @dTS666.204.8@e50@f2
    
    中国红木家具/濮安国著.-北京:故宫出版社,2014
    275页:图;28cm
    明清家具研究选集 贰
    
    ISBN 978-7-5134-0349-8:CNY126.00
    本书精选了我国传统红木家具产生、形成、发展时期的主要产品, 计27类共300多种, 集中地反映了明清历史时期不同地区红木家具的品质和水平。
●
相关链接 在E读中查询图书 在五车中查询图书 在当当中查询图书 在豆瓣中查询图书


正题名:中国红木家具     索取号:TS666.204.8/50         预约/预借

序号 登录号 条形码 馆藏地/架位号 状态 备注
1 864263   208642637   第二样本阅览室/ [索取号:TS666.204.8/50] 在馆    
2 864264   208642646   第三借阅区/ [索取号:TS666.204.8/50] 在馆    
唐山师范学院图书馆 欢迎您!
大连网信软件有限公司© 版权所有